1467 1257 1228 1323 1296 1030 1551 1529 1303 1181 1196 1882 1563 1185 1542 1443 1868 1943 1222 1060 1790 1201 1982 1643 1140 1250 1121 1596 1141 1574 1280 1692 1719 1243 1900 1460 1395 1029 1392 1661 1497 1870 1043 1302 1247 1868 1893 1674 1195 1552 1222 1785 1673 1994 1486 1597 1565 1601 1932 1794 1778 1706 1221 1281 1298 1511 1844 1136 1109 1582 1784 1579 1646 1958 1082 1757 1412 1530 1843 1049 1644 1661 1857 1005 1928 1562 1767 1059 1320 1990 1768 1262 1209 1813 1604 1193 1424 1736 1651 BCNSPRNW ULIB Ver.6.0+V

เปลี่ยนเป็นภาษาไทย

Change to English
 แสดงรายละเอียดบรรณานุกรม
  กลับหน้าหลัก

Brief Record : Get Marc (ISO 2709) : E-mail record : QR code < ปิดหน้าต่าง
LEADER : 00000nam 2200000uu 4500
001    13399120773
003     ULIB
008    110706s2550||||th 000 0 tha d
020    9789741338214
090    นว.^bต181ส
100 0  ตรี อภิรุณ
245 00 สัมภเวสี/^cตรี อภิรุณ
260    กรุงเทพฯ :^bอุทยานความรู้,^c2550
300    608 หน้า
945    ^p390^l0^i15032
995    ทศพร
999    ^aใช้งานได้ทุกระบบ
รายการนี้ยังไม่มีแท็ก
คุณยังไม่ได้ล็อกอิน คุณสามารถมีกิจกรรมร่วมกับเว็บไซต์ได้ แต่ต้องล็อกอินก่อน ::
  ล็อกอิน

รายการสื่อสารสนเทศ

ลำดับที่ ประเภท เลขเรียก/บาร์โค้ด สถานที่ สถานะ
1. นวนิยาย
นวนิยาย
นว. ต181ส ฉ.1 
  Barcode: 15032
ห้องสมุดวิทยาเขตสวรรค์ประชารักษ์
►หนังสือทั่วไป
บนชั้น

BibComment


ยังไม่เคยถูกคอมเมนท์

คอมเมนท์ทรัพยากรรายการนี้
  คอมเมนท์: สัมภเวสี ตรี อภิรุณ


 Copyright 2026. Bcnsprnw @Library